| 000 | 00567nam a22001817a 4500 | ||
|---|---|---|---|
| 005 | 20251108165239.0 | ||
| 008 | 250721s1986 xx 000 0 ara d | ||
| 082 | 1 | 4 | _a956.05/حسي |
| 100 | 1 | _aمؤنس، حسين | |
| 245 | 1 | 0 | _aشيوخ العصر في الأندلس / |
| 264 | 1 |
_aالقاهرة : _bالهيئة المصرية العامة للكتاب، _c1986. |
|
| 300 | _a111ص | ||
| 490 | 0 | _aالمكتبة الثقافية | |
| 650 | 1 | 7 | _aتاريخ الأندلس |
| 650 | 1 | 7 | _aالحضارة الإسلامية |
| 942 |
_2ddc _cBK |
||
| 999 |
_c23162 _d23162 |
||